| 000 | 00655nam a2200253Ia 4500 | ||
|---|---|---|---|
| 003 | OSt | ||
| 005 | 20221007064004.0 | ||
| 006 | a|||||r|||| 00| 0 | ||
| 007 | ta | ||
| 008 | 221006b |||||||| |||| 00| 0 eng d | ||
| 020 | _a0521212073 | ||
| 024 | _a18,809 | ||
| 037 | _cTextual | ||
| 040 |
_aFLL _cFLL _beng |
||
| 041 |
_2eng _aeng |
||
| 082 | _aZ1, L5.3 | ||
| 100 |
_aLauterpacht Hersch _9145203 |
||
| 245 | 0 | _aInternational law | |
| 260 |
_aCambridge _bCambridge University Press England _c1975 |
||
| 300 |
_a614p _ccm. |
||
| 490 | _vVol. 3 | ||
| 942 |
_hZ1, L5.3 _cTEXL _2CC |
||
| 999 |
_c1132714 _d1132714 |
||